Sports Quiz

Random Sports Quiz

UEFA European Cup XIs 1989-90 Quiz Stats

 Plays Quiz not verified by Sporcle

Also try: Last 8 Elite 8s
Challenge
Share
Tweet
Embed
Score 0/176 Timer 20:00
0 Plays Today
% Correct
Paolo Maldini
88.4%
Franco Baresi
87.4%
Frank Rijkaard
87.4%
Marco van Basten
87.4%
Alessandro Costacurta
83.2%
Emilio Butragueño
78.9%
Daniele Massaro
76.8%
Carlo Ancelotti
75.8%
Hugo Sánchez
75.8%
Mauro Tassotti
73.7%
Fernando Hierro
72.6%
Jean-Pierre Papin
71.6%
Giovanni Galli
70.5%
Gheorghe Hagi
70.5%
Manuel Sanchís
69.5%
Franck Sauzée
68.4%
Hans van Breukelen
67.4%
Míchel
67.4%
Klaus Augenthaler
66.3%
Jürgen Kohler
64.2%
Patrick Andersson
63.2%
Francisco Buyo
62.1%
Michel Preud'homme
61.1%
Hristo Stoichkov
60%
Raimond Aumann
58.9%
Éric Di Meco
58.9%
Alberigo Evani
58.9%
Didier Deschamps
57.9%
Berry van Aerle
57.9%
Manuel Amoros
56.8%
Chendo
56.8%
Stefan Reuter
55.8%
Trifon Ivanov
54.7%
Dan Petrescu
52.6%
Joakim Nilsson
51.6%
Chris Waddle
51.6%
Philippe Albert
51.6%
Angelo Colombo
50.5%
Eric Gerets
50.5%
Romário
50.5%
Jonas Thern
49.5%
Marin Balakov
49.5%
Marius Lăcătuş
49.5%
Emil Kostadinov
47.4%
Gerald Vanenburg
47.4%
Rafael Martín Vázquez
46.3%
Wim Kieft
44.2%
Silviu Lung
44.2%
Søren Lerby
43.2%
Stefan Schwarz
40%
Rafael Gordillo
40%
Ilie Dumitrescu
40%
Mozer
38.9%
Tomáš Skuhravý
38.9%
Mats Magnusson
37.9%
Jan Heintze
37.9%
Michal Bílek
36.8%
Thomas Strunz
34.7%
Alan McInally
34.7%
% Correct
Ricardo Gomes
34.7%
Marc Emmers
34.7%
John Bosman
34.7%
Hans Pflügler
32.6%
Jan Stejskal
31.6%
Václav Němeček
31.6%
Ivan Nielsen
30.5%
José Carlos
28.4%
Aldair
28.4%
Enzo Francescoli
28.4%
Adrian Bumbescu
28.4%
Gavril Balint
28.4%
Ludwig Kögl
27.4%
Roland Wohlfarth
27.4%
Bruno Germain
27.4%
Ivan Hašek
27.4%
Roland Grahammer
26.3%
Valdo
26.3%
Péter Disztl
26.3%
Sándor Nagy
26.3%
Jean Tigana
26.3%
Lei Clijsters
26.3%
Óscar Ruggeri
26.3%
Ştefan Iovan
26.3%
Iosif Rotariu
26.3%
António Veloso
25.3%
António Pacheco
25.3%
Nicolae Ungureanu
25.3%
Hansi Müller
25.3%
Hans Dorfner
24.2%
Vítor Paneira
24.2%
Bruno Versavel
24.2%
Patrick Versavel
24.2%
Juul Ellerman
24.2%
Stelios Manolas
23.2%
Silvino
23.2%
Klaus Lindenberger
23.2%
Graeme Rutjes
22.1%
Pascal de Wilde
22.1%
Jiří Novotný
22.1%
József Csuhay
21.1%
András Cseh
21.1%
József Csábi
21.1%
Sándor Sallai
21.1%
Gaëtan Huard
21.1%
Toni Savevski
20%
József Gregor
20%
Dimitar Mladenov
20%
Georgi Georgiev
20%
Eduard Son
20%
Jonnie Fedel
20%
Daniel Batista
18.9%
Georgios Savvidis
18.9%
Ilia Valov
18.9%
Emil Dimitrov
18.9%
Ivailo Kirov
18.9%
Kostadin Yanchev
18.9%
Vladimir Lyutiy
18.9%
Per Ågren
18.9%
% Correct
Geert Deferm
18.9%
Peter Pacult
18.9%
Augustin Kola
17.9%
Spiros Ikonomopoulos
17.9%
István Pisont
17.9%
Torbjörn Persson
17.9%
Niclas Nyhlén
17.9%
Halim Mersini
16.8%
Christos Vasilopoulos
16.8%
Gábor Sikesdi
16.8%
Peter Jonsson
16.8%
Håkan Lindman
16.8%
Koen Sanders
16.8%
Fatos Daja
15.8%
Krenar Alimehmeti
15.8%
Pavlos Papaioannou
15.8%
Giorgos Koutoulas
15.8%
Simeon Chatzis
15.8%
Hernâni
15.8%
Imre Fodor
15.8%
Leif Engqvist
15.8%
Esteban
15.8%
Zsolt Musznay
15.8%
Alfred Hörtnagl
15.8%
Leonard Liti
14.7%
Skënder Hodja
14.7%
Jimmy Patikas
14.7%
Flemming Povlsen
14.7%
Stanislav Griga
14.7%
Néstor Gorosito
14.7%
Sinan Bardhi
13.7%
Valeriy Gorodov
13.7%
John-Paul Vondenberg
13.7%
Leo Lainer
13.7%
Manfred Linzmaier
13.7%
Florian Riza
12.6%
Mirosław Okoński
12.6%
Michael Streiter
12.6%
Artur Lekbello
11.6%
Mirel Josa
11.6%
István Szijjártó
11.6%
Vladimir Gerashchenko
11.6%
Petr Vrabec
11.6%
Kurt Garger
11.6%
Marius Urukov
10.5%
Miroslav Mlejnek
10.5%
Bruno Pezzey
10.5%
Bedri Omuri
9.5%
Vladimir Bagmut
9.5%
Andriy Yudin
9.5%
Roman Kukleta
8.4%
Christoph Westerhaler
8.4%
Oleksiy Cherendyk
7.4%
Yevgeniy Yarovenko
7.4%
Ivan Čabala
7.4%
Oleksandr Chervony
6.3%
Nikolay Kudritsky
5.3%
Andriy Sydelnykov
3.2%

You're not logged in!

Compare scores with friends on all Sporcle quizzes.
Join for Free
OR
Log In

You Might Also Like...

Show Comments

Extras

Top Quizzes Today


Score Distribution

Your Account Isn't Verified!

In order to create a playlist on Sporcle, you need to verify the email address you used during registration. Go to your Sporcle Settings to finish the process.

Report this User

Report this user for behavior that violates our Community Guidelines.

Details: